| 000 | 00370nam a22001577a 4500 | ||
|---|---|---|---|
| 003 | SGT | ||
| 020 | _a 978-3659407246 | ||
| 082 |
_a617.6342 _bG13D |
||
| 100 | _aDhingra, Anil | ||
| 245 | _aGlide Path in Endodontics | ||
| 250 | _a1st | ||
| 260 |
_aDelhi India _b LAP Lambert Academic Publishing _c2013 |
||
| 300 | _a1-130 | ||
| 650 | _aEndodontics | ||
| 942 |
_2ddc _cBK |
||
| 999 |
_c21682 _d21682 |
||